000
00232nam a22001097a 4500
041
_a
ENG
245
_a
Reliance Review Of Energy Markets
260
_a
Delhi
_b
Reliance
_c
2002
300
_a
390
650
_a
EOES (12)
856
_u
EOES
999
_c
2696
_d
2696